Estudio integral de la nm̤ina. 2014

Detalles Bibliográficos
Autor principal: Orozco Colln̕, Luis Angel
Formato: eBook
Lenguaje:español
Publicado: Mx̌ico DF: Ediciones Fiscales ISEF, 2014
Materias:
Acceso en línea:Acceso restringido

MARC

LEADER 00000nam a22000007a 4500
005 20140501224230.0
007 cr|||| ||||
008 140501s2014 mx |||||s|||| 00||0 spa d
020 |a 978-607-406-653-1 
035 |a 12091 
040 |a vLex 
090 |c 4887  |d 4887 
100 1 |a Orozco Colln̕, Luis Angel 
245 1 0 |a Estudio integral de la nm̤ina. 2014  |h [Recurso electrn̤ico] /  |c Luis Angel Orozco Colln̕ 
256 |a Servicio en ln̕ea 
260 |a Mx̌ico DF:  |b Ediciones Fiscales ISEF,  |c 2014 
300 |a 1 recurso electrn̤ico 
506 1 |a Disponible solo en los productos indicados  |d vLex Global  |d vLex Global (Academic Edition, excluding Law Schools)  |d vLex Global (U.S. Academic Edition, Law Schools)  |d vLex Global (U.S. Academic Edition, excluding Law Schools)  |d vLex Global (Academic Edition, Law Schools) 
650 0 4 |a Derecho Laboral y Seguridad Social  |z Mx̌ico 
740 0 |a vLex Libros (Servicio en ln̕ea) 
856 4 0 |u http://vlex.com/source/estudio-integral-de-la-nomina-2014-12091  |z Acceso restringido 
942 |c BOOK 
999 0 |a Labor Law and Social Security